000
00199 a2200097 4500
001
27553
100
_a
Gottfried, B
245
_a
Algol - 60
260
_a
_b
Quantum pub
_c
1973
090
_c
18341
_d
18341
942
_a
NUST-CAE
_c
M
_c
9271
999
_c
262626
_d
262626